[Event "SRB-ch U18"]
[Site "Subotica"]
[Date "2021.05.04"]
[Round "2"]
[White "Obradovic, Milos"]
[Black "Marceta, Dimitrije"]
[Result "0-1"]
[WhiteElo "1664"]
[BlackElo "1770"]
[PlyCount "70"]
[EventDate "2021.05.03"]
[EventType "tourn"]
[EventRounds "9"]
[EventCountry "SRB"]
[SourceTitle "EXT 2022"]
[Source "ChessBase"]
[SourceDate "2021.10.06"]
[SourceVersion "1"]
[SourceVersionDate "2021.10.06"]
[SourceQuality "1"]

1. d4 Nf6 2. c4 g6 3. Nc3 Bg7 4. e4 d6 5. Be2 0-0 6. Be3 e5 7. d5 Na6 8. Qd2 Nc5 9. f3 a5 10. g4 h5 11. Nh3 hxg4 12. Nf2 Nh5 13. fxg4 Nf4 14. 0-0-0 Qh4 15. Bf3 a4 16. Rdf1 Bd7 17. Bxc5 dxc5 18. Kb1 Rfb8 19. Nb5 Bxb5 20. cxb5 Rd8 21. Qc3 Qe7 22. Rc1 b6 23. Qe3 Qe8 24. h4 Qxb5 25. Rc2 c6 26. Rd2 a3 27. Be2 Nxe2 28. Rxe2 cxd5 29. exd5 Rxd5 30. Ne4 Rd3 31. Qf2 Rad8 32. Rc1 Rd1 33. Nc3 Qd3+ 34. Rec2 Rxc1+ 35. Kxc1 e4 0-1

[Event "SRB-ch U16"]
[Site "Kragujevac"]
[Date "2019.05.05"]
[Round "9"]
[White "Marceta, Dimitrije"]
[Black "Mustajbasic, Dino"]
[Result "1/2-1/2"]
[WhiteElo "1620"]
[BlackElo "1914"]
[PlyCount "157"]
[EventDate "2019.04.29"]
[EventType "swiss"]
[EventRounds "9"]
[EventCountry "SRB"]
[SourceTitle "EXT 2022"]
[Source "ChessBase"]
[SourceDate "2021.10.06"]
[SourceVersion "1"]
[SourceVersionDate "2021.10.06"]
[SourceQuality "1"]

1. Nf3 f5 2. d3 Nf6 3. e4 fxe4 4. dxe4 Nxe4 5. Bd3 d5 6. Bxe4 dxe4 7. Qxd8+ Kxd8 8. Ng5 Ke8 9. Bf4 Na6 10. Nc3 h6 11. Ngxe4 Bf5 12. 0-0-0 g5 13. Be5 Rg8 14. Rhe1 Bg7 15. Bxg7 Rxg7 16. Nd5 Kf8 17. Ng3 e6 18. Ne3 Rf7 19. Nc4 Kg7 20. Ne5 Re7 21. a3 Rae8 22. Nh5+ Kh8 23. g4 Bh7 24. Nf6 Rf8 25. Nxh7 Kxh7 26. f3 c6 27. Rd6 Nc7 28. c4 Ne8 29. Rd8 Rf4 30. Red1 Nf6 31. R1d4 Rxd4 32. Rxd4 Kg7 33. Kd2 Nh7 34. Rd7 Kf6 35. Rxe7 Kxe7 36. Kd3 Nf6 37. b4 h5 38. h3 hxg4 39. hxg4 Ne8 40. Kd4 Nc7 41. Kc5 Na6+ 42. Kd4 Nc7 43. a4 Na6 44. Nd3 Kd6 45. c5+ Ke7 46. Ke5 Nc7 47. f4 gxf4 48. Kxf4 Kf6 49. g5+ Kg6 50. Ne5+ Kg7 51. Ke4 Nd5 52. Nd3 Kf7 53. Ke5 Kg7 54. Kxe6 Kg6 55. Kd6 Kxg5 56. Kd7 Kf5 57. Kc8 Ke4 58. Nb2 Nxb4 59. Kxb7 Kd5 60. a5 Kxc5 61. a6 Kb5 62. Kxa7 Nxa6 63. Nd3 Nb4 64. Ne5 c5 65. Kb7 Nd5 66. Nf7 Kb4 67. Nd6 Ne3 68. Kc6 Nc4 69. Ne4 Na5+ 70. Kd5 c4 71. Kd4 Nb3+ 72. Ke3 Ka3 73. Ke2 Kb2 74. Kd1 Nd4 75. Kd2 Nb5 76. Ke3 Nc3 77. Nf2 Nd5+ 78. Kd4 Nb6 79. Ne4 1/2-1/2

[Event "SRB-ch U16"]
[Site "Kragujevac"]
[Date "2019.05.03"]
[Round "7"]
[White "Marceta, Dimitrije"]
[Black "Radisavljevic, Dalibor"]
[Result "0-1"]
[WhiteElo "1620"]
[BlackElo "2089"]
[PlyCount "88"]
[EventDate "2019.04.29"]
[EventType "swiss"]
[EventRounds "9"]
[EventCountry "SRB"]
[SourceTitle "EXT 2022"]
[Source "ChessBase"]
[SourceDate "2021.10.06"]
[SourceVersion "1"]
[SourceVersionDate "2021.10.06"]
[SourceQuality "1"]

1. c4 Nf6 2. b3 g6 3. Bb2 Bg7 4. g4 e5 5. g5 Ne4 6. h4 Nc6 7. d3 Nc5 8. Nc3 h6 9. Nf3 d6 10. Bg2 Ne6 11. gxh6 Rxh6 12. Ne4 Ncd4 13. Nxd4 exd4 14. h5 gxh5 15. Qd2 h4 16. 0-0-0 f5 17. Ng3 Qf6 18. Nf1 c6 19. f4 Kd8 20. Re1 Kc7 21. Rh3 Rh8 22. Rf3 Bd7 23. Bh3 b6 24. e4 dxe3 25. Nxe3 Qxb2+ 26. Qxb2 Bxb2+ 27. Kxb2 Nd4 28. Rf2 Rag8 29. Rg2 Rg3 30. Rxg3 hxg3 31. Bg2 Rh2 32. Rh1 Rxh1 33. Bxh1 Ne2 34. Bf3 Nxf4 35. Kc2 c5 36. Nd5+ Nxd5 37. cxd5 f4 38. Kd2 Bf5 39. a3 Kd8 40. Bg2 Ke7 41. Bf3 Kf6 42. b4 Ke5 43. bxc5 bxc5 44. a4 Kd4 0-1

[Event "SRB-ch U16"]
[Site "Kragujevac"]
[Date "2019.05.03"]
[Round "6"]
[White "Mijatovic, Dusan"]
[Black "Marceta, Dimitrije"]
[Result "1-0"]
[WhiteElo "2203"]
[BlackElo "1620"]
[PlyCount "93"]
[EventDate "2019.04.29"]
[EventType "swiss"]
[EventRounds "9"]
[EventCountry "SRB"]
[SourceTitle "EXT 2022"]
[Source "ChessBase"]
[SourceDate "2021.10.06"]
[SourceVersion "1"]
[SourceVersionDate "2021.10.06"]
[SourceQuality "1"]

1. e4 c5 2. Nf3 Nc6 3. g3 d6 4. Bg2 Nf6 5. d3 g6 6. 0-0 Bg7 7. c3 0-0 8. Re1 e5 9. a3 b5 10. b4 a5 11. bxc5 dxc5 12. Bg5 Be6 13. d4 cxd4 14. cxd4 Bg4 15. d5 Nd4 16. Qd3 Bxf3 17. Bxf3 h6 18. Bd2 Nxd5 19. exd5 f5 20. Bc3 e4 21. Bxe4 fxe4 22. Rxe4 Nf3+ 23. Kg2 Qg5 24. Bxg7 Kxg7 25. h4 Qc1 26. Qc3+ Qxc3 27. Nxc3 b4 28. axb4 axb4 29. Rxa8 Rxa8 30. Rxb4 Ne5 31. Ne4 Rd8 32. Rd4 Nc6 33. Rd2 Ne7 34. d6 Nc8 35. f4 Kf7 36. Kf3 Rd7 37. Rc2 Nb6 38. Rc7 Ke6 39. Nc5+ Kxd6 40. Rxd7+ Nxd7 41. Nxd7 Kxd7 42. Kg4 Ke6 43. h5 Kf6 44. hxg6 Kxg6 45. Kh4 h5 46. f5+ Kxf5 47. Kxh5 1-0

[Event "SRB-ch U16"]
[Site "Novi Sad"]
[Date "2018.04.05"]
[Round "5"]
[White "Nikolic, Matija"]
[Black "Marceta, Dimitrije"]
[Result "0-1"]
[WhiteElo "1607"]
[BlackElo "1560"]
[PlyCount "90"]
[EventDate "2018.04.02"]
[EventType "swiss"]
[EventRounds "9"]
[EventCountry "SRB"]
[SourceTitle "EXT 2019"]
[Source "ChessBase"]
[SourceDate "2018.10.10"]
[SourceVersion "1"]
[SourceVersionDate "2018.10.10"]
[SourceQuality "1"]

1. d4 Nf6 2. c4 g6 3. Nc3 Bg7 4. e4 d6 5. f4 0-0 6. Nf3 e5 7. fxe5 dxe5 8. d5 a5 9. Bd3 Na6 10. 0-0 Qd6 11. Qe2 Nc5 12. Bc2 Bd7 13. a4 Qb6 14. Kh1 Rfe8 15. Rb1 h6 16. Be3 Ng4 17. Bg1 f5 18. h3 Nf6 19. exf5 Nh5 20. Bf2 Bxf5 21. Bxf5 gxf5 22. Nh4 Nf4 23. Qe3 Bf8 24. Nxf5 Qf6 25. Qg3+ Kh7 26. Nh4 Ncd3 27. Be3 Be7 28. Nf3 Rg8 29. Qh2 Rxg2 30. Qxg2 Nxg2 31. Kxg2 Rg8+ 32. Kh2 Qf5 33. Nd2 Qh5 34. Nde4 Nf4 35. Bxf4 exf4 36. Rxf4 Qe5 37. Rbf1 Bg5 38. Ne2 Bxf4+ 39. Rxf4 Qxb2 40. N4c3 Qc2 41. Rf2 Re8 42. Kg1 Rxe2 43. Nxe2 Qxc4 44. Rf7+ Kg8 45. Re7 Qc5+ 0-1

[Event "SRB-ch U16"]
[Site "Novi Sad"]
[Date "2018.04.03"]
[Round "3"]
[White "Engi, Igor"]
[Black "Marceta, Dimitrije"]
[Result "1-0"]
[WhiteElo "1684"]
[BlackElo "1560"]
[PlyCount "103"]
[EventDate "2018.04.02"]
[EventType "swiss"]
[EventRounds "9"]
[EventCountry "SRB"]
[SourceTitle "EXT 2019"]
[Source "ChessBase"]
[SourceDate "2018.10.10"]
[SourceVersion "1"]
[SourceVersionDate "2018.10.10"]
[SourceQuality "1"]

1. e4 c5 2. Nf3 Nc6 3. c3 Nf6 4. Bd3 Qc7 5. 0-0 d5 6. exd5 Nxd5 7. Bc2 Bg4 8. h3 Bh5 9. d3 e5 10. Nbd2 Be7 11. Ne4 h6 12. Ng3 Bg6 13. Qe2 f5 14. Ba4 e4 15. dxe4 fxe4 16. Nxe4 0-0-0 17. Nxc5 Bxc5 18. Qe6+ Kb8 19. Qxg6 Rd6 20. Qe4 Nf6 21. Qc4 Bb6 22. Bf4 g5 23. Bxd6 Qxd6 24. Rad1 Qg3 25. Bxc6 bxc6 26. Nd4 Bxd4 27. Rxd4 Qc7 28. Qe6 Nd5 29. c4 Nf4 30. Qd6 Ne2+ 31. Kh1 Nxd4 32. Qxd4 Rd8 33. Qe3 Qd6 34. Re1 Ka8 35. Qe6 Qd2 36. Qxc6+ Kb8 37. Qb5+ Ka8 38. Rf1 Qd3 39. Kg1 Qe4 40. Qa5 Rd7 41. b3 g4 42. Re1 Qg6 43. hxg4 Qxg4 44. Re8+ Kb7 45. Qb5+ Kc7 46. Qc5+ Kb7 47. Re1 h5 48. Qe3 Kc8 49. Qe8+ Kc7 50. Qe5+ Kc8 51. Qg3 Rd1 52. Qxg4+ 1-0

[Event "SRB-ch U14"]
[Site "Kragujevac"]
[Date "2017.04.17"]
[Round "9"]
[White "Marceta, Dimitrije"]
[Black "Engi, Igor"]
[Result "0-1"]
[WhiteElo "1544"]
[BlackElo "1724"]
[PlyCount "120"]
[EventDate "2017.04.11"]
[EventType "swiss"]
[EventRounds "9"]
[EventCountry "SRB"]
[SourceTitle "EXT 2019"]
[Source "ChessBase"]
[SourceDate "2018.10.10"]
[SourceVersion "1"]
[SourceVersionDate "2018.10.10"]
[SourceQuality "1"]

1. d4 d5 2. e4 dxe4 3. Nc3 Nf6 4. f3 exf3 5. Nxf3 g6 6. Bc4 Bg7 7. 0-0 0-0 8. Bb3 Nc6 9. a3 Bg4 10. Be3 Bxf3 11. gxf3 a6 12. Ne2 Nd5 13. Bf2 Qd7 14. Qe1 Qf5 15. Rd1 Qxf3 16. Rd3 Qg4+ 17. Rg3 Qd7 18. Kh1 Nf6 19. Rfg1 Ne4 20. Rg4 Nxf2+ 21. Qxf2 Kh8 22. Bxf7 Nd8 23. Rxg6 Rxf7 24. Rxg7 Qd5+ 25. Qg2 Qxg2+ 26. R7xg2 Ne6 27. c4 Raf8 28. b4 c6 29. Rd1 Rd8 30. Rdg1 Rff8 31. Rd1 Rd6 32. Rg3 Rfd8 33. Rgd3 Nc7 34. Nc3 e5 35. d5 b5 36. c5 Rf6 37. dxc6 Rxd3 38. Rxd3 Rxc6 39. Rd6 Rxd6 40. cxd6 Ne6 41. Ne4 Kg7 42. Nc5 Nxc5 43. bxc5 Kf7 44. c6 Ke8 45. Kg2 a5 46. Kf2 b4 47. axb4 axb4 48. Ke2 e4 49. Kd2 b3 50. Kc3 e3 51. Kxb3 e2 52. Kc4 e1Q 53. Kb5 Qe5+ 54. Kb6 Qb2+ 55. Kc7 Qe5 56. Kb7 Qxd6 57. c7 Qb4+ 58. Kc6 Qc4+ 59. Kd6 Qa6+ 60. Kc5 Qc8 0-1

[Event "Vojvodina-chT"]
[Site "Kac"]
[Date "2016.11.16"]
[Round "2.6"]
[White "Marinovic, Bozidar"]
[Black "Marceta, Dimitrije"]
[Result "1-0"]
[WhiteElo "2375"]
[BlackElo "1572"]
[PlyCount "49"]
[EventDate "2016.11.15"]
[EventType "team-tourn"]
[EventRounds "11"]
[EventCountry "SRB"]
[SourceTitle "CBM 175 Extra"]
[Source "ChessBase"]
[SourceDate "2016.12.12"]
[SourceVersion "1"]
[SourceVersionDate "2016.12.12"]
[SourceQuality "1"]
[WhiteTeam "Omladinac"]
[BlackTeam "Sloga"]
[WhiteTeamCountry "SRB"]
[BlackTeamCountry "SRB"]

1. e4 c5 2. Nf3 g6 3. c3 Bg7 4. d4 cxd4 5. cxd4 d6 6. h3 Nd7 7. Nc3 a6 8. a4 e6 9. Bd3 Ne7 10. 0-0 0-0 11. Re1 Nc6 12. d5 Nce5 13. dxe6 Nxf3+ 14. Qxf3 fxe6 15. Qe2 Ne5 16. Bb1 Qe7 17. Be3 Bd7 18. Ba2 Kh8 19. a5 Rac8 20. Rad1 Nc6 21. Qd2 Nxa5 22. Qxd6 Qxd6 23. Rxd6 Bxc3 24. bxc3 Be8 25. Bxe6 1-0

[Event "Novi Sad Serbian op"]
[Site "Novi Sad"]
[Date "2016.11.11"]
[Round "7"]
[White "Curkovic, Djoko"]
[Black "Marceta, Dimitrije"]
[Result "1/2-1/2"]
[WhiteElo "1852"]
[BlackElo "1572"]
[PlyCount "89"]
[EventDate "2016.11.06"]
[EventType "swiss"]
[EventRounds "9"]
[EventCountry "SRB"]
[SourceTitle "CBM 175 Extra"]
[Source "ChessBase"]
[SourceDate "2016.12.12"]
[SourceVersion "1"]
[SourceVersionDate "2016.12.12"]
[SourceQuality "1"]

1. d4 d5 2. Bf4 Nf6 3. Nf3 Bf5 4. c3 Nbd7 5. e3 Ne4 6. Nbd2 Ndf6 7. Be2 e6 8. 0-0 Bd6 9. Ne5 0-0 10. f3 Nxd2 11. Qxd2 Nh5 12. g4 Nxf4 13. exf4 Bg6 14. Kg2 Qh4 15. h3 f6 16. Nd3 Bxd3 17. Bxd3 g5 18. Qe1 Qxe1 19. Raxe1 Rae8 20. fxg5 fxg5 21. Re2 Re7 22. Rfe1 Rfe8 23. a3 Kg7 24. c4 dxc4 25. Bxc4 e5 26. dxe5 Rxe5 27. Re4 Rxe4 28. Rxe4 Rxe4 29. fxe4 Bf4 30. a4 c5 31. Kf3 Kf6 32. h4 h6 33. hxg5+ hxg5 34. b3 Ke5 35. Bd5 b6 36. Ke2 Kd4 37. Kd1 Ke3 38. Kc2 Be5 39. Bc6 Kf4 40. Bd7 Kxe4 41. Be6 Bd4 42. Bc8 Kd5 43. Bb7+ Ke5 44. Bc8 Kd6 45. Kd3 1/2-1/2

[Event "Novi Sad Serbian op"]
[Site "Novi Sad"]
[Date "2016.11.07"]
[Round "3"]
[White "Bjelic, Branislav"]
[Black "Marceta, Dimitrije"]
[Result "1-0"]
[WhiteElo "1926"]
[BlackElo "1572"]
[PlyCount "27"]
[EventDate "2016.11.06"]
[EventType "swiss"]
[EventRounds "9"]
[EventCountry "SRB"]
[SourceTitle "CBM 175 Extra"]
[Source "ChessBase"]
[SourceDate "2016.12.12"]
[SourceVersion "1"]
[SourceVersionDate "2016.12.12"]
[SourceQuality "1"]

1. e4 c5 2. Nf3 g6 3. d4 cxd4 4. Nxd4 Bg7 5. Be3 Nc6 6. Nc3 Nf6 7. f3 d5 8. Bb5 Qc7 9. exd5 a6 10. dxc6 axb5 11. Ncxb5 Qe5 12. Kf2 bxc6 13. Nxc6 Qd5 14. Nc7+ 1-0

[Event "Novi Sad Serbian op"]
[Site "Novi Sad"]
[Date "2016.11.07"]
[Round "2"]
[White "Marceta, Dimitrije"]
[Black "Vujinovic, Predrag"]
[Result "0-1"]
[WhiteElo "1572"]
[BlackElo "2047"]
[PlyCount "94"]
[EventDate "2016.11.06"]
[EventType "swiss"]
[EventRounds "9"]
[EventCountry "SRB"]
[SourceTitle "CBM 175 Extra"]
[Source "ChessBase"]
[SourceDate "2016.12.12"]
[SourceVersion "1"]
[SourceVersionDate "2016.12.12"]
[SourceQuality "1"]

1. d4 d5 2. e4 c6 3. Nc3 e6 4. e5 f5 5. Be2 c5 6. Nf3 Nc6 7. 0-0 cxd4 8. Nb5 Bc5 9. Nbxd4 Nge7 10. c3 Ng6 11. Bg5 Be7 12. Bxe7 Qxe7 13. Bb5 Bd7 14. Nxc6 bxc6 15. Ba4 0-0 16. Qe2 a5 17. Nd4 Rfc8 18. Rac1 Nf4 19. Qe3 g5 20. Ne2 Ng6 21. f4 h6 22. Bc2 g4 23. Ng3 Rab8 24. Nh5 Rxb2 25. Nf6+ Kf7 26. Qa7 Be8 27. Qxa5 Rcb8 28. Qa6 Qc5+ 29. Kh1 Ne7 30. Qd3 Ng8 31. Nxg8 Kxg8 32. h3 h5 33. Qg3 R8b7 34. Rfe1 Rg7 35. Qe3 Qxe3 36. Rxe3 Rxa2 37. Bb3 Ra3 38. Bd1 c5 39. hxg4 hxg4 40. Kg1 Bc6 41. Re2 g3 42. Rb2 Rga7 43. Kf1 Ba4 44. Bxa4 R7xa4 45. Rb8+ Kg7 46. Rcb1 Rxf4+ 47. Kg1 Rg4 0-1